[Event "100 Jahre Schvgg Blankenese - Open 2023"]
[Site "Lise-Meitner-Gymnasium (HH)"]
[Date "2023.09.30"]
[Round "1.1"]
[White "Feuerstack, Aljoscha"]
[Black "Stiller, Maximilian"]
[Result "1-0"]
[WhiteElo "2477"]
[BlackElo "1715"]
[PlyCount "53"]
[EventDate "2023.09.30"]
[EventType "swiss"]
[EventRounds "7"]
[WhiteTeam "FC ST.Pauli 1910 eV SAbt"]
[BlackTeam "Hagener SV"]

1. d4 c6 2. e4 d5 3. exd5 cxd5 4. c4 Nf6 5. Nc3 Nc6 6. Nf3 g6 7. cxd5 Nxd5 8.
Qb3 Nxc3 9. Bc4 e6 10. bxc3 Bd7 11. Be2 Qc7 12. O-O Bg7 13. Ba3 Na5 14. Qb2 Bc6
15. Rfe1 Bxf3 16. Bxf3 O-O-O 17. Rab1 Rd7 18. Qb5 Bf8 19. Bb4 Nc4 20. Bxf8 Rxf8
21. Bxb7+ Kd8 22. Bc6 Rd6 23. Qg5+ f6 24. Qh6 Rf7 25. Rb7 Qxc6 26. Rxf7 Rd7 27.
Qxh7 1-0

[Event "100 Jahre Schvgg Blankenese - Open 2023"]
[Site "Lise-Meitner-Gymnasium (HH)"]
[Date "2023.09.30"]
[Round "1.2"]
[White "Voigt, Dominik"]
[Black "Ertan, Can"]
[Result "0-1"]
[WhiteElo "1707"]
[BlackElo "2339"]
[PlyCount "78"]
[EventDate "2023.09.30"]
[EventType "swiss"]
[EventRounds "7"]
[WhiteTeam "HSK Lister Turm"]
[BlackTeam "FC ST.Pauli 1910 eV SAbt"]

1. e4 e5 2. Nf3 Nc6 3. Bb5 a6 4. Ba4 Nf6 5. d3 Bc5 6. Bxc6 dxc6 7. Nbd2 Be6 8.
O-O Nd7 9. Re1 f6 10. Nf1 O-O 11. Be3 Bd6 12. Ng3 c5 13. Nh4 g6 14. Nf3 Nb8 15.
Qe2 Nc6 16. c3 Qd7 17. h3 Rfd8 18. a4 Bf8 19. Red1 Bb3 20. Rd2 Na5 21. d4 cxd4
22. cxd4 Bb4 23. Rc2 Bxc2 24. Qxc2 Qc6 25. Rc1 exd4 26. Nxd4 Qxc2 27. Rxc2 c5
28. Ne6 Rd1+ 29. Kh2 Nb3 30. Nc7 Rf8 31. Nd5 a5 32. Ne2 Kf7 33. Nec3 Ra1 34. f4
Rc8 35. e5 Nd4 36. Rf2 Bxc3 37. Nxc3 Nf5 38. Bd2 h5 39. Nd5 h4 0-1

[Event "100 Jahre Schvgg Blankenese - Open 2023"]
[Site "Lise-Meitner-Gymnasium (HH)"]
[Date "2023.09.30"]
[Round "1.3"]
[White "Schulze, Lara"]
[Black "Körber, Uwe"]
[Result "1-0"]
[WhiteElo "2284"]
[BlackElo "1697"]
[PlyCount "87"]
[EventDate "2023.09.30"]
[EventType "swiss"]
[EventRounds "7"]
[WhiteTeam "SAbt SV Werder Bremen"]
[BlackTeam "Findorffer Sfr"]

1. e4 c5 2. Nf3 e6 3. c4 Nc6 4. Nc3 a6 5. d4 cxd4 6. Nxd4 Bb4 7. Be2 Qc7 8. O-O
d6 9. Be3 Nf6 10. f3 Nxd4 11. Bxd4 Bc5 12. Na4 Bxd4+ 13. Qxd4 Bd7 14. Nb6 Rd8
15. Rfd1 Qc5 16. Qxc5 dxc5 17. e5 Nh5 18. g3 g6 19. f4 Bc6 20. Kf2 Ke7 21. Bf3
Bxf3 22. Kxf3 Ng7 23. Na4 Rc8 24. Rac1 Rc6 25. Rd3 Rd8 26. Rxd8 Kxd8 27. g4 Ke7
28. Rc3 Kd7 29. Rd3+ Ke7 30. Nc3 Ne8 31. a4 f5 32. gxf5 gxf5 33. Ke2 Ng7 34.
Rh3 h5 35. a5 b6 36. Na4 b5 37. Nb6 Rc7 38. cxb5 axb5 39. a6 Kf8 40. Ra3 Ra7
41. Nc8 b4 42. Nxa7 bxa3 43. bxa3 Ne8 44. Nb5 1-0

[Event "100 Jahre Schvgg Blankenese - Open 2023"]
[Site "Lise-Meitner-Gymnasium (HH)"]
[Date "2023.09.30"]
[Round "1.4"]
[White "Smith, Tobias"]
[Black "Brendel, Oliver"]
[Result "0-1"]
[WhiteElo "1696"]
[BlackElo "2280"]
[PlyCount "74"]
[EventDate "2023.09.30"]
[EventType "swiss"]
[EventRounds "7"]
[WhiteTeam "TSG Oberschöneweide e.V."]
[BlackTeam "SV 1920 Hofheim"]

1. d4 Nf6 2. c4 g6 3. Nc3 d5 4. cxd5 Nxd5 5. e4 Nxc3 6. bxc3 Bg7 7. Qa4+ c6 8.
Nf3 O-O 9. Be2 c5 10. Be3 Nc6 11. O-O Bd7 12. Bb5 cxd4 13. cxd4 a6 14. Bxc6
Bxc6 15. Qc2 Rc8 16. Rfc1 e6 17. Qd3 Qa5 18. Bd2 Qh5 19. Bc3 f5 20. Nd2 fxe4
21. Nxe4 Qd5 22. f3 Bb5 23. Qe3 Rxc3 24. Nxc3 Qxd4 25. Qxd4 Bxd4+ 26. Kh1 Bc6
27. Rab1 Rxf3 28. Ne2 Rd3 29. Rd1 Rxd1+ 30. Rxd1 Bc5 31. Nd4 Bd5 32. Nb3 Bb6
33. h3 Kf7 34. Kh2 h5 35. Rd3 Bc7+ 36. Kg1 b5 37. Kh1 b4 0-1

[Event "100 Jahre Schvgg Blankenese - Open 2023"]
[Site "Lise-Meitner-Gymnasium (HH)"]
[Date "2023.09.30"]
[Round "1.5"]
[White "Bracker, Arne"]
[Black "Strohschän, Michel"]
[Result "1-0"]
[WhiteElo "2280"]
[BlackElo "1694"]
[PlyCount "101"]
[EventDate "2023.09.30"]
[EventType "swiss"]
[EventRounds "7"]
[WhiteTeam "Hamburger SK von 1830 eV"]
[BlackTeam "HSK Lister Turm"]

1. e4 c6 2. Nc3 d5 3. Nf3 dxe4 4. Nxe4 Nf6 5. Qe2 e6 6. Nxf6+ gxf6 7. d4 Bd6 8.
Bd2 b6 9. O-O-O Bb7 10. g3 Nd7 11. Bg2 Qe7 12. Rhe1 O-O-O 13. Nh4 Nf8 14. Nf5
Qd7 15. Nxd6+ Qxd6 16. Bf4 Qd7 17. Qh5 Ng6 18. Be3 Rhe8 19. Kb1 Qe7 20. Qe2 e5
21. dxe5 fxe5 22. h4 c5 23. Rxd8+ Rxd8 24. Bg5 f6 25. Bxb7+ Kxb7 26. Qf3+ Kc7
27. Qxf6 Qxf6 28. Bxf6 Rf8 29. Bxe5+ Nxe5 30. Rxe5 Rxf2 31. b3 Kd6 32. Rg5 Rf7
33. a4 Ke6 34. Kb2 Kf6 35. Kc3 Re7 36. Rg8 Re3+ 37. Kd2 Re7 38. Rf8+ Kg6 39.
Kd3 Kh5 40. Rg8 h6 41. a5 Rf7 42. a6 Re7 43. Kc3 Rf7 44. Kc4 Re7 45. Kb5 Rc7
46. Rb8 c4 47. b4 Rg7 48. Rb7 Rxg3 49. Rxa7 Rc3 50. Rc7 Rxc2 51. Rxc4 1-0

[Event "100 Jahre Schvgg Blankenese - Open 2023"]
[Site "Lise-Meitner-Gymnasium (HH)"]
[Date "2023.09.30"]
[Round "1.6"]
[White "Borgert, Alexander"]
[Black "Bracker, Frank"]
[Result "0-1"]
[WhiteElo "1675"]
[BlackElo "2277"]
[PlyCount "84"]
[EventDate "2023.09.30"]
[EventType "swiss"]
[EventRounds "7"]
[WhiteTeam "Hamburger SK von 1830 eV"]
[BlackTeam "Hamburger SK von 1830 eV"]

1. d4 Nf6 2. c4 e6 3. Nc3 Bb4 4. Qc2 O-O 5. Nf3 c5 6. dxc5 Na6 7. Bd2 Nxc5 8.
a3 Bxc3 9. Bxc3 Nce4 10. Bxf6 Nxf6 11. e3 b6 12. Be2 Bb7 13. O-O Qc7 14. Rac1
Rac8 15. Rfd1 Rfd8 16. Qc3 d6 17. Nd4 a6 18. Bf3 e5 19. Nf5 Bxf3 20. gxf3 g6
21. Nh6+ Kg7 22. Ng4 Nd7 23. e4 Nc5 24. Qe3 Qe7 25. b4 Ne6 26. Qd3 Qh4 27. Ne3
Nf4 28. Qf1 Qh5 29. Nd5 Qxf3 30. Nxf4 Qxf4 31. Qd3 Rc6 32. Rc3 Rdc8 33. Rdc1 h5
34. Kg2 Qg4+ 35. Kf1 Qf4 36. Kg1 h4 37. h3 Re8 38. b5 axb5 39. cxb5 Rc5 40.
Qxd6 Rxc3 41. Rxc3 Qxe4 42. Qxb6 Qe1+ 0-1

[Event "100 Jahre Schvgg Blankenese - Open 2023"]
[Site "Lise-Meitner-Gymnasium (HH)"]
[Date "2023.09.30"]
[Round "1.7"]
[White "Kotyk, Michael"]
[Black "Müller, Marius"]
[Result "1-0"]
[WhiteElo "2225"]
[BlackElo "1672"]
[PlyCount "79"]
[EventDate "2023.09.30"]
[EventType "swiss"]
[EventRounds "7"]
[WhiteTeam "Hamburger SK von 1830 eV"]
[BlackTeam "Hamburger SK von 1830 eV"]

1. d4 e6 2. c4 f5 3. Nc3 Nf6 4. Nf3 Be7 5. g3 O-O 6. Bg2 d6 7. O-O a5 8. Re1
Ne4 9. Qc2 Nxc3 10. Qxc3 Nc6 11. d5 Bf6 12. Qd2 Ne5 13. Nxe5 dxe5 14. e4 f4 15.
c5 exd5 16. Qxd5+ Qxd5 17. exd5 fxg3 18. hxg3 Bf5 19. Bd2 e4 20. Bc3 Rad8 21.
Rad1 b6 22. Bxe4 Bxc3 23. bxc3 Bxe4 24. Rxe4 bxc5 25. Rc4 c6 26. Rxc5 cxd5 27.
Rxa5 Rf3 28. Rc5 Ra8 29. Kg2 Rf6 30. Rd2 Ra3 31. Rb2 Kf7 32. Rc7+ Kg6 33. f4
Rfa6 34. Rbb7 Rxa2+ 35. Kh3 Kf5 36. Rf7+ Ke4 37. Rxg7 Kf3 38. Rxh7 Rg6 39. g4
Kxf4 40. Rhg7 1-0

[Event "100 Jahre Schvgg Blankenese - Open 2023"]
[Site "Lise-Meitner-Gymnasium (HH)"]
[Date "2023.09.30"]
[Round "1.8"]
[White "Haertel, Leon"]
[Black "Popvasilev, Kaloyan"]
[Result "0-1"]
[WhiteElo "1664"]
[BlackElo "2221"]
[PlyCount "56"]
[EventDate "2023.09.30"]
[EventType "swiss"]
[EventRounds "7"]
[WhiteTeam "Hamburger SK von 1830 eV"]
[BlackTeam "SV Bargteheide"]

1. d4 e6 2. c4 b6 3. Nc3 Bb7 4. Nf3 Bb4 5. Bg5 f6 6. Bd2 f5 7. e3 Nf6 8. Bd3
O-O 9. O-O Bxc3 10. Bxc3 Ne4 11. Nd2 Nxc3 12. bxc3 d6 13. f4 Nd7 14. e4 Qh4 15.
Qe1 Qh6 16. Qg3 Rae8 17. Rae1 e5 18. exf5 exf4 19. Qf2 Re3 20. Be4 Nf6 21. Rxe3
fxe3 22. Qf3 Re8 23. Bxb7 e2 24. Ne4 exf1=Q+ 25. Kxf1 Qc1+ 26. Kf2 Qc2+ 27. Ke3
Qxc3+ 28. Ke2 Qxd4 0-1

[Event "100 Jahre Schvgg Blankenese - Open 2023"]
[Site "Lise-Meitner-Gymnasium (HH)"]
[Date "2023.09.30"]
[Round "1.9"]
[White "Hovhannisyan, Artur"]
[Black "Schacht, David"]
[Result "1-0"]
[WhiteElo "2215"]
[BlackElo "1640"]
[PlyCount "55"]
[EventDate "2023.09.30"]
[EventType "swiss"]
[EventRounds "7"]
[WhiteTeam "SK Norderstedt von 1975"]
[BlackTeam "SchVgg Blankenese von 1923 e.V."]

1. e4 e5 2. Nf3 Nc6 3. Bb5 Nge7 4. Nc3 g6 5. d4 Bg7 6. Be3 exd4 7. Nxd4 O-O 8.
Bc4 Ne5 9. Be2 d5 10. f4 N5c6 11. Nxc6 bxc6 12. e5 Nf5 13. Bc5 Re8 14. Qd2 Bh6
15. g4 Nh4 16. O-O-O a5 17. g5 Bf8 18. Bxf8 Rxf8 19. Ne4 Be6 20. Nf6+ Kg7 21.
Bd3 d4 22. Qf2 Nf5 23. Bxf5 Bxf5 24. Rxd4 Qe7 25. Qh4 h5 26. gxh6+ Kh8 27. Rhd1
Qc5 28. Ne4 1-0

[Event "100 Jahre Schvgg Blankenese - Open 2023"]
[Site "Lise-Meitner-Gymnasium (HH)"]
[Date "2023.09.30"]
[Round "1.10"]
[White "Alieksieiev, Oleksii"]
[Black "Keyser, Robin"]
[Result "0-1"]
[WhiteElo "1637"]
[BlackElo "2185"]
[PlyCount "94"]
[EventDate "2023.09.30"]
[EventType "swiss"]
[EventRounds "7"]
[WhiteTeam "Hamburger SK von 1830 eV"]
[BlackTeam "SK Johanneum Eppendorf"]

1. e4 e6 2. d4 d5 3. e5 c5 4. c3 Nc6 5. Nf3 Bd7 6. Be2 Nh6 7. O-O cxd4 8. cxd4
Nf5 9. Na3 Qb6 10. Nc2 Be7 11. b3 a5 12. Bb2 a4 13. Ne3 Nxe3 14. fxe3 O-O 15.
Nd2 a3 16. Bc3 Nxe5 17. Rc1 Ng6 18. Nf3 Bb5 19. Bxb5 Qxb5 20. Qe1 Rac8 21. Rf2
Rc7 22. Rfc2 Rfc8 23. Qf2 Qd3 24. g3 Rxc3 25. Ne1 Rxc2 26. Nxd3 Rxc1+ 27. Nxc1
Rxc1+ 28. Kg2 Rb1 29. Kh3 Rb2 30. Qe1 Rxa2 31. Qa5 Rb2 32. Qa8+ Bf8 33. Qxb7 a2
34. Qa8 Rxb3 35. Qxa2 Rxe3 36. Qf2 Re4 37. Kg2 Ne7 38. h4 Nf5 39. Kh3 Rxd4 40.
h5 Rd3 41. h6 Rxg3+ 42. Kh2 Bd6 43. Kh1 Nxh6 44. Qb6 Nf5 45. Qa6 h5 46. Qe2
Rh3+ 47. Kg1 Rh1+ 0-1

[Event "100 Jahre Schvgg Blankenese - Open 2023"]
[Site "Lise-Meitner-Gymnasium (HH)"]
[Date "2023.09.30"]
[Round "1.11"]
[White "Hebbinghaus, Holger"]
[Black "Kraft, Gerhard"]
[Result "1-0"]
[WhiteElo "2179"]
[BlackElo "1635"]
[PlyCount "57"]
[EventDate "2023.09.30"]
[EventType "swiss"]
[EventRounds "7"]
[WhiteTeam "SK Doppelbauer Kiel von 1910 e.V"]
[BlackTeam "SchVgg Blankenese von 1923 e.V."]

1. d4 Nf6 2. Nf3 e6 3. g3 d5 4. Bg2 c5 5. O-O Nc6 6. c4 cxd4 7. Nxd4 Bc5 8. Nb3
Bb6 9. cxd5 Nxd5 10. a3 O-O 11. e4 Nde7 12. Nc3 Nd4 13. Na4 Nxb3 14. Qxb3 Bd4
15. Be3 Bxe3 16. Qxe3 Nc6 17. e5 Qd4 18. Qxd4 Nxd4 19. Rfd1 Nf5 20. Rac1 Rb8
21. Rc7 a5 22. Nb6 f6 23. g4 Nh4 24. Rdc1 fxe5 25. Rxc8 Nxg2 26. Kxg2 Kf7 27.
R1c7+ Kg6 28. Rxb8 Rxb8 29. Nd7 1-0

[Event "100 Jahre Schvgg Blankenese - Open 2023"]
[Site "Lise-Meitner-Gymnasium (HH)"]
[Date "2023.09.30"]
[Round "1.12"]
[White "Fellberg, Justus"]
[Black "Callsen, Niklas"]
[Result "0-1"]
[WhiteElo "1631"]
[BlackElo "2176"]
[PlyCount "34"]
[EventDate "2023.09.30"]
[EventType "swiss"]
[EventRounds "7"]
[WhiteTeam "SK Wilhelmsburg 1936 eV"]
[BlackTeam "SK Doppelbauer Kiel von 1910 e.V"]

1. e4 c5 2. Nf3 d6 3. c3 Nf6 4. Bd3 Nc6 5. Bc2 Bg4 6. h3 Bxf3 7. Qxf3 g6 8. d3
Bg7 9. Be3 Qb6 10. Bb3 a5 11. Qe2 a4 12. Bc4 O-O 13. f4 e6 14. Qf2 Qa5 15. Na3
Rfb8 16. Bb5 Na7 17. b4 axb3 0-1

[Event "100 Jahre Schvgg Blankenese - Open 2023"]
[Site "Lise-Meitner-Gymnasium (HH)"]
[Date "2023.09.30"]
[Round "1.13"]
[White "Parvanyan, Alfred"]
[Black "Kraft, Cynthia Yumi"]
[Result "1-0"]
[WhiteElo "2161"]
[BlackElo "1588"]
[PlyCount "73"]
[EventDate "2023.09.30"]
[EventType "swiss"]
[EventRounds "7"]
[WhiteTeam "SK Norderstedt von 1975"]
[BlackTeam "Hamburger SK von 1830 eV"]

1. Nf3 d5 2. g3 Nf6 3. Bg2 Bf5 4. O-O e6 5. c4 c6 6. cxd5 cxd5 7. d3 Be7 8. Nc3
O-O 9. Qb3 Qb6 10. Qa4 Nc6 11. Nh4 Bg4 12. h3 Bh5 13. g4 Bg6 14. Nxg6 hxg6 15.
Rb1 a6 16. Bd2 Rfd8 17. Rfc1 Bc5 18. Be1 Bd6 19. b4 Nd4 20. e3 Nb5 21. Qa5 Qxa5
22. bxa5 Rdc8 23. Nxb5 axb5 24. Rxc8+ Rxc8 25. Rxb5 Rc1 26. Kf1 Ra1 27. Rb2 Ba3
28. Rxb7 Rxa2 29. Bc3 Bc5 30. Rc7 Bd6 31. Rc6 Ne8 32. a6 Be7 33. Bd4 Bf6 34.
Bc5 Bh4 35. a7 Rxf2+ 36. Kg1 Bg3 37. Rc8 1-0

[Event "100 Jahre Schvgg Blankenese - Open 2023"]
[Site "Lise-Meitner-Gymnasium (HH)"]
[Date "2023.09.30"]
[Round "1.14"]
[White "Kühn, Lukas"]
[Black "Thomaschke, Dirk"]
[Result "0-1"]
[WhiteElo "1581"]
[BlackElo "2161"]
[PlyCount "85"]
[EventDate "2023.09.30"]
[EventType "swiss"]
[EventRounds "7"]
[WhiteTeam "FC ST.Pauli 1910 eV SAbt"]
[BlackTeam "FC ST.Pauli 1910 eV SAbt"]

1. e4 e5 2. Nf3 Nc6 3. d4 exd4 4. Bc4 Nf6 5. e5 d5 6. Bb5 Ne4 7. Nxd4 Bc5 8.
Be3 Bd7 9. Bxc6 bxc6 10. O-O Bb6 11. f3 Ng5 12. f4 Ne4 13. Nd2 Nxd2 14. Qxd2 c5
15. Nb3 d4 16. Bf2 Bb5 17. Rfe1 Qd5 18. Kh1 Bc6 19. Rg1 a5 20. Rae1 a4 21. Nc1
Ba5 22. c3 a3 23. Nb3 dxc3 24. bxc3 Qxd2 25. Nxd2 Bxc3 26. Rd1 Ba4 27. Nc4 Bxd1
28. Rxd1 O-O 29. Bxc5 Rfd8 30. Rb1 Bb2 31. g3 Ra4 32. Nxb2 Rb8 33. Nxa4 Rxb1+
34. Kg2 Rb2+ 35. Kh3 Rxa2 36. Bxa3 Rxa3 37. Nc5 Rc3 38. Ne4 Rc2 39. g4 c5 40.
Kg3 c4 41. h4 c3 42. Kf3 Rh2 43. h5 0-1

[Event "100 Jahre Schvgg Blankenese - Open 2023"]
[Site "Lise-Meitner-Gymnasium (HH)"]
[Date "2023.09.30"]
[Round "1.15"]
[White "Helmer, Jan"]
[Black "Wang, Kaiwen"]
[Result "1-0"]
[WhiteElo "2152"]
[BlackElo "1560"]
[PlyCount "111"]
[EventDate "2023.09.30"]
[EventType "swiss"]
[EventRounds "7"]
[WhiteTeam "Hamelner SV"]
[BlackTeam "Hamburger SK von 1830 eV"]

1. Nf3 d5 2. e3 c5 3. b3 e6 4. Bb2 Nc6 5. Bb5 Bd7 6. O-O Nf6 7. d3 Be7 8. Bxc6
Bxc6 9. Ne5 O-O 10. Nxc6 bxc6 11. Nd2 Qc7 12. Qe2 Rfd8 13. f4 Nd7 14. e4 d4 15.
a4 a5 16. Rf3 Bd6 17. Raf1 Kh8 18. Nc4 Nf8 19. e5 Be7 20. g4 f6 21. exf6 Bxf6
22. Qe4 Rd5 23. g5 Be7 24. f5 exf5 25. Rxf5 Rxf5 26. Rxf5 Ng6 27. Ne5 Nxe5 28.
Rxe5 Bf8 29. Bc1 Rc8 30. Bf4 Qf7 31. Qf5 Qxf5 32. Rxf5 Kg8 33. Bd2 Ra8 34. h4
Bd6 35. Kf2 Ra7 36. h5 Ra8 37. g6 hxg6 38. hxg6 Ra7 39. Kf3 Ra8 40. Rf7 Bh2 41.
Rd7 Kf8 42. Bg5 Re8 43. Rf7+ Kg8 44. Be7 Be5 45. Bxc5 Rb8 46. Ke4 Bf6 47. Kf5
Re8 48. Bd6 c5 49. Rb7 Rc8 50. Rb8 Rxb8 51. Bxb8 Bd8 52. Bd6 Bb6 53. Ke6 Kh8
54. Kf7 c4 55. Bf8 cxb3 56. Bxg7# 1-0

[Event "100 Jahre Schvgg Blankenese - Open 2023"]
[Site "Lise-Meitner-Gymnasium (HH)"]
[Date "2023.09.30"]
[Round "1.16"]
[White "Mi, Gufeng"]
[Black "Kahlert, Thomas"]
[Result "0-1"]
[WhiteElo "1544"]
[BlackElo "2111"]
[PlyCount "82"]
[EventDate "2023.09.30"]
[EventType "swiss"]
[EventRounds "7"]
[WhiteTeam "Niendorfer TSV 1919 SAbt"]
[BlackTeam "FC ST.Pauli 1910 eV SAbt"]

1. e4 e5 2. Nc3 Nf6 3. d3 Nc6 4. g3 d5 5. Bg5 d4 6. Nd5 Be7 7. Nxe7 Qxe7 8. Bg2
Qb4+ 9. Bd2 Qxb2 10. Ne2 Qa3 11. O-O h5 12. h3 Qd6 13. f4 Nd7 14. f5 b6 15. Bg5
Bb7 16. c3 f6 17. Bc1 dxc3 18. Nxc3 Qd4+ 19. Kh2 Qxc3 20. Be3 Nc5 21. Bxc5 Qxc5
22. Rc1 Qd6 23. Qa4 Qd7 24. Rc3 Nd4 25. Qb4 c5 26. Qb2 O-O-O 27. a4 Kb8 28. a5
Qb5 29. Qa2 Qxa5 30. Ra3 Qb5 31. Rb1 Qd7 32. Rxa7 Nc6 33. Ra1 Nxa7 34. Qxa7+
Kc7 35. Rb1 Qc6 36. Qa2 Rd7 37. Bf1 Ra8 38. Qb3 c4 39. dxc4 Rd2+ 40. Bg2 Raa2
41. Rg1 Qxe4 0-1

[Event "100 Jahre Schvgg Blankenese - Open 2023"]
[Site "Lise-Meitner-Gymnasium (HH)"]
[Date "2023.09.30"]
[Round "1.17"]
[White "Helms, Finn"]
[Black "Reich, Kristina"]
[Result "1-0"]
[WhiteElo "2082"]
[BlackElo "1529"]
[PlyCount "69"]
[EventDate "2023.09.30"]
[EventType "swiss"]
[EventRounds "7"]
[WhiteTeam "SAbt SV Werder Bremen"]
[BlackTeam "Hamburger SK von 1830 eV"]

1. e4 c5 2. Nf3 e6 3. d4 cxd4 4. Nxd4 a6 5. c4 Qc7 6. Nc3 b6 7. Be3 Bb7 8. a3
Nf6 9. f3 d6 10. Be2 Nbd7 11. O-O Be7 12. Qd2 Rc8 13. Rac1 Ne5 14. b4 Qd8 15.
Na4 Nfd7 16. f4 Nc6 17. Nb3 h5 18. Rfd1 Kf8 19. c5 b5 20. Nc3 Kg8 21. cxd6 Bf8
22. e5 h4 23. Nc5 Nxc5 24. Bxc5 Rh6 25. Bd3 Nb8 26. Be4 Bxe4 27. Nxe4 Nd7 28.
Be3 Rg6 29. Ng5 Rh6 30. Rc7 Qe8 31. Rdc1 Rxc7 32. dxc7 Qc8 33. Qxd7 Qxd7 34.
c8=Q Qd3 35. Bc5 1-0

[Event "100 Jahre Schvgg Blankenese - Open 2023"]
[Site "Lise-Meitner-Gymnasium (HH)"]
[Date "2023.09.30"]
[Round "1.18"]
[White "Kalkowski, Andreas"]
[Black "Rolf, Marco"]
[Result "0-1"]
[WhiteElo "1511"]
[BlackElo "2032"]
[PlyCount "98"]
[EventDate "2023.09.30"]
[EventType "swiss"]
[EventRounds "7"]
[WhiteTeam "Königsspr. SC.1984 e.V."]
[BlackTeam "TV Fischbek Suederelbe"]

1. d4 d5 2. Nf3 Nf6 3. c4 c6 4. Nc3 dxc4 5. a4 Bf5 6. e3 e6 7. Bxc4 Bb4 8. O-O
O-O 9. Ne2 Nbd7 10. Ng3 Bg6 11. Bd2 Bd6 12. Bc3 Nd5 13. e4 Nxc3 14. bxc3 Bxg3
15. hxg3 Bxe4 16. Re1 Bg6 17. Nh4 Qf6 18. Rc1 Rad8 19. Qb3 b6 20. Nxg6 hxg6 21.
Re3 c5 22. Rf3 Qg5 23. Rd1 Nf6 24. Rfd3 Ng4 25. f3 Ne3 26. R1d2 Nxc4 27. Qxc4
cxd4 28. f4 Qd5 29. Qxd4 Qxd4+ 30. Rxd4 Rxd4 31. Rxd4 Rc8 32. c4 Kf8 33. Kf2
Rc5 34. Rd8+ Ke7 35. Ra8 Ra5 36. Rc8 Rxa4 37. c5 bxc5 38. Rxc5 a5 39. Rc7+ Kf6
40. Rc5 Ra2+ 41. Kf3 Ra3+ 42. Kg4 a4 43. Ra5 Ra1 44. Kh4 a3 45. g4 g5+ 46.
fxg5+ Kg6 47. Kg3 a2 48. Ra3 Kxg5 49. Ra5+ Kg6 0-1

[Event "100 Jahre Schvgg Blankenese - Open 2023"]
[Site "Lise-Meitner-Gymnasium (HH)"]
[Date "2023.09.30"]
[Round "1.19"]
[White "Porth, Hartmut"]
[Black "Bächler, Andreas"]
[Result "1-0"]
[WhiteElo "2028"]
[BlackElo "1509"]
[PlyCount "87"]
[EventDate "2023.09.30"]
[EventType "swiss"]
[EventRounds "7"]
[WhiteTeam "SV Bargteheide"]
[BlackTeam "SC Turm Lüneburg e.V."]

1. d4 Nf6 2. Bf4 g6 3. Nc3 d5 4. e3 Bg7 5. Be2 O-O 6. Nf3 c5 7. O-O cxd4 8.
exd4 Nc6 9. Ne5 Be6 10. Nxc6 bxc6 11. Na4 Ne4 12. f3 Nd6 13. c3 Rb8 14. b4 a5
15. a3 Ra8 16. Nc5 Bf5 17. g4 Bc8 18. Bd3 Nb7 19. Na4 Nd6 20. Qe2 Re8 21. Rfe1
f6 22. Bxd6 Qxd6 23. Nb6 Ra7 24. Nxc8 Rxc8 25. bxa5 Rxa5 26. Qxe7 Bf8 27. Qe2
Rca8 28. Qe6+ Qxe6 29. Rxe6 c5 30. c4 Rxa3 31. Rd1 dxc4 32. Bxc4 Rc3 33. Re8+
Rxc4 34. Rxa8 cxd4 35. h4 Kf7 36. Ra7+ Ke6 37. Rxh7 Bc5 38. Kf1 Rc2 39. h5 g5
40. Rc7 Kd5 41. h6 Rh2 42. h7 Bd6 43. Rb7 Be5 44. Kg1 1-0

[Event "100 Jahre Schvgg Blankenese - Open 2023"]
[Site "Lise-Meitner-Gymnasium (HH)"]
[Date "2023.09.30"]
[Round "1.20"]
[White "Döpmann, Christoph"]
[Black "Braeutigam, Alexander"]
[Result "0-1"]
[WhiteElo "1505"]
[BlackElo "2006"]
[PlyCount "56"]
[EventDate "2023.09.30"]
[EventType "swiss"]
[EventRounds "7"]
[WhiteTeam "Schachfreunde Nordost Berlin"]
[BlackTeam "SK Doppelbauer Kiel von 1910 e.V"]

1. e4 c5 2. Nf3 d6 3. Bb5+ Bd7 4. Bxd7+ Qxd7 5. b3 Nf6 6. d3 g6 7. Bb2 Bg7 8.
O-O Nc6 9. e5 dxe5 10. Nxe5 Nxe5 11. Bxe5 O-O 12. Nd2 b5 13. a4 Qd5 14. Bb2 a6
15. Qf3 e6 16. axb5 axb5 17. Rxa8 Rxa8 18. Ra1 Rxa1+ 19. Bxa1 h5 20. Qf4 Qd8
21. Qg5 Qa5 22. Bxf6 Bxf6 23. Qe3 Qc3 24. g3 Bd4 25. Qg5 Qxc2 26. Ne4 Qxd3 27.
Qd8+ Kg7 28. Nd6 Qf3 0-1

[Event "100 Jahre Schvgg Blankenese - Open 2023"]
[Site "Lise-Meitner-Gymnasium (HH)"]
[Date "2023.09.30"]
[Round "1.21"]
[White "Annegarn, Alexander"]
[Black "Bürgener, Richard"]
[Result "1-0"]
[WhiteElo "2004"]
[BlackElo "1490"]
[PlyCount "41"]
[EventDate "2023.09.30"]
[EventType "swiss"]
[EventRounds "7"]
[WhiteTeam "SG Glückstadt von 1920"]
[BlackTeam "SV Bad Bevensen"]

1. e4 e5 2. Nf3 Nc6 3. d4 exd4 4. Bc4 Nf6 5. e5 d5 6. Bb5 Ne4 7. Nxd4 Bd7 8.
Bxc6 bxc6 9. O-O Bc5 10. Be3 Rb8 11. Nd2 Nxd2 12. Qxd2 O-O 13. Nb3 Bxe3 14.
Qxe3 Re8 15. Qxa7 Rxe5 16. Nc5 Ra8 17. Qb7 Rb8 18. Qxb8 Qxb8 19. Nxd7 Qe8 20.
Nxe5 Qxe5 21. Rfe1 1-0

[Event "100 Jahre Schvgg Blankenese - Open 2023"]
[Site "Lise-Meitner-Gymnasium (HH)"]
[Date "2023.09.30"]
[Round "1.22"]
[White "Klaeke, Gregor"]
[Black "Urban, Ralf-Dieter"]
[Result "0-1"]
[WhiteElo "1482"]
[BlackElo "1998"]
[PlyCount "80"]
[EventDate "2023.09.30"]
[EventType "swiss"]
[EventRounds "7"]
[WhiteTeam "Niendorfer TSV 1919 SAbt"]
[BlackTeam "SK Union Eimsbuettel eV"]

1. e4 e5 2. Nf3 d5 3. exd5 e4 4. Nd4 Qxd5 5. c3 Nf6 6. Be2 Bd6 7. d3 O-O 8. Be3
Nc6 9. Nxc6 Qxc6 10. O-O Bf5 11. c4 exd3 12. Bxd3 Bxd3 13. Qxd3 Ng4 14. h3 Ne5
15. Qe2 Qxc4 16. Nc3 Rfe8 17. Rad1 Qxe2 18. Nxe2 Nc4 19. Rd3 Nxb2 20. Rb3 Nc4
21. Nd4 Nxe3 22. fxe3 Bc5 23. Kh1 Rad8 24. Nf5 g6 25. Nh6+ Kg7 26. Nxf7 Rd7 27.
Ng5 Bxe3 28. Nf3 c5 29. a4 b6 30. g4 Bf4 31. Rb2 Rd3 32. Ra2 Ree3 33. Kg2 c4
34. h4 c3 35. Rff2 Bd6 36. a5 b5 37. h5 Re4 38. Nh2 Rg3+ 39. Kf1 Bc5 40. Nf3
Rf4 0-1

[Event "100 Jahre Schvgg Blankenese - Open 2023"]
[Site "Lise-Meitner-Gymnasium (HH)"]
[Date "2023.09.30"]
[Round "1.23"]
[White "König, Friedrich Theodor"]
[Black "He, Saiqi"]
[Result "1-0"]
[WhiteElo "1990"]
[BlackElo "1460"]
[PlyCount "63"]
[EventDate "2023.09.30"]
[EventType "swiss"]
[EventRounds "7"]
[WhiteTeam "SK Marmstorf GW Harburg"]
[BlackTeam "SchVgg Blankenese von 1923 e.V."]

1. d4 d5 2. Nf3 Nf6 3. Bf4 e6 4. e3 Nbd7 5. Nbd2 Be7 6. h3 c5 7. c3 c4 8. b3 b5
9. a4 bxa4 10. bxc4 dxc4 11. Qxa4 O-O 12. Qxc4 Nb6 13. Qb3 Bd6 14. Bxd6 Qxd6
15. c4 Qc7 16. Be2 Bd7 17. O-O Rab8 18. Qd3 Rfd8 19. Ra2 Bc6 20. Rfa1 Rb7 21.
Ne5 Be8 22. Bf3 Rbb8 23. Qc2 Na4 24. Rxa4 Bxa4 25. Rxa4 Nd5 26. Bxd5 exd5 27.
c5 Rb7 28. Qa2 Rdb8 29. Qxd5 Kh8 30. c6 Rb5 31. Qxf7 Qd8 32. c7 1-0